00000000nam##2200000za#4500
0019.573878
003CaOODSP
00520210624183919
007cr |||||||||||
008150406|1995||||xxc|||||o    f|0| 0 eng|d
022 |a1488-5379
040 |aCaOODSP|beng
043 |an-cn---
0861 |aFs97-6/2067E-PDF
1101 |aCanada. |bDepartment of Fisheries and Oceans.
24510|aInfection dynamics of sea lice, Lepeophtheirus salmonis (Copepoda:Caligidae) parasitic on Atlantic salmon (Salmo salar) cultured in marine waters of the lower Bay of Fundy / |h[electronic resource]|cby W.E Hogans.
260 |aSt. Andrews - New Brunswick : |bFisheries and Oceans Canada |cOctober 1995.
300 |a14p.|bgraphs, map, tables
4901 |aCanadian technical report of fisheries and aquatic sciences|x1488-5379|vNo. 2067
500 |aIncorrect catalogue number (Fs97-6/2067) and the ISSN (0706-6457) for the print edition have been copied in this electronic publication.
546 |a(Résumé en français)
590 |a12-23-Supp|b2012-05-28
7201 |aHogans, W. E.
7760#|tInfection dynamics of sea lice, Lepeophtheirus salmonis (Copepoda: Caligidae) parasitic on Atlantic salmon (Salmo salar) cultured in marine waters of the lower Bay of Fundy / |w(CaOODSP)9.612717
830#0|aCanadian technical report of fisheries and aquatic sciences,|x1488-5379|vNo. 2067|w(CaOODSP)9.504449
85640|ahttp://publications.gc.ca|qPDF|s1.48 MB|uhttps://publications.gc.ca/collections/collection_2012/mpo-dfo/Fs97-6-2067-eng.pdf|yNo. 2067